Postacie z Big Mouth - Statystyki

Ogólne statystyki
  • Ten quiz został rozwiązany 453 razy
    452 od ostatniego zresetowania
  • Średni wynik to 15 z 38
Statystyki odpowiedzi
Hint Odpowiedź % Poprawnych
Nosi okulary. Jest żydem. Andrew
97%
Niskiego wzrostu chłopak. Jego ojciec jest lekarzem. Nick
96%
Rudowłosa dziewczyna. Jej rodzice są w separacji. Jessi
92%
Magik, który cytuje reklamy kancelarii ojca. Jay
85%
Druga dziwczyna Andrew. Nadużywa słowa OMG. Lola
84%
Najpopularniejsza dziwczyna w szkole. Przyjaciółka Loli. Devin
78%
Pierwsza dziewczyna Andrew. Missy
78%
Nauczyciel wf-u, do drugiego sezonu miał potwora hormona. Steve
70%
Chłopak Devin. Devon
69%
Gej, prowadzi szkolną telewizje. Matthew
68%
Dziewczny, ktora ma największy biust w klasie. Gina
57%
Hormonella Jessi, później również Nicka. Connie
49%
Duch mieszkający na strychu domu Nicka. Duke
46%
Zwierzę - oznaka depresji. Kicia
40%
Potwór hormon Trenera Steve'a, a także pierwszy potwór Nicka. Rick
37%
Matka Andrew. Barbara
34%
Zdradza męża z kobietą. Shannon
33%
Wyżej wymienione dziecko. Skorpion
32%
Kontorka Jessi. Dina
31%
Ojciec Nicka. Elliot
31%
Je żelki i pali trawke. Greg
28%
Ojciec Andrew. Marty
28%
Chłopak z plecakiem na kółkach. Kaleb
27%
Butnowinczy nastolatek. Brat Nicka. Judd
25%
Matka Nicka. Diane
24%
Syn postaci powyżej. Ojciec Skorpiona. Kurt
21%
Ponury, wywołuje u dzieci poczucie wstydu. Czarodziej Wstydziuch
20%
Nastolatka, która podoba się Andrew. Leah
18%
Brat powyższej postaci. Namawiał Andrew i Nicka do bójki. Val
17%
Chłopak, który podobał się siostrze Nicka. Daniel
16%
Adwokat specjalizuje się w rozwodach. Guy
16%
Drugi potwór hormon Nicka. Tyler
16%
Chłopak, który jeździ na wózku. Lars
14%
Pierwsza poduszka Jay'a miał z nią dziecko. Pam
14%
Pierwsza miłość Nicka. Mieszka w Nowym Jorku. Roland
14%
Przyjaciółka siostry Nicka, w której ten się podkochiwał. Tallulah
11%
Potwór hormon min. Andrew. Mourice
8%
Z nią trener Steve miał swój pierwszy raz. Jenna
7%
Nie znaleziono quizów pasujących do podanych kryteriów
Rozkład punktacji
Procent ludzi z każdym wynikiem
Percentyl według liczby udzielonych odpowiedzi
Twoja historia wyników
Nie rozwiązałeś tego quizu od ostatniego zresetowania